| 000 | 00562nam a22001817a 4500 | ||
|---|---|---|---|
| 003 | AM-YeHGA | ||
| 040 | _aAM-YeHGA | ||
| 090 | _c444851 | ||
| 005 | 20250617155926.0 | ||
| 008 | 191122b1960 ru ||||| |||| 00| 0 rus d | ||
| 041 | 0 | _arus | |
| 100 | 1 | _aЖорницкая, Мария Яковлевна | |
| 245 | 1 | 0 |
_aЧетыре якутских танца / _cМ. Я. Жорницкая |
| 260 |
_aЯкутск : _bЯкуткнигоиздат, _c1960 |
||
| 300 |
_a96 с., _bил., нот. |
||
| 650 | 1 | 4 | _aЯкутские танцы |
| 942 |
_2udc _cBK |
||
| 999 |
_c442065 _d442065 |
||